000 00354nam a22001337a 4500
020 _a9780590568807
040 _cnust
082 _a823-CH
_bSTI
100 _aStine.L.R
_9122939
245 _aGoosebumps The Beast From The East
260 _aNew York:
_bScholastic Inc,
_c2015.
650 _aGoosebumps The Beast From The East
_9122940
942 _2ddc
_cBK
999 _c609311
_d609311